Načítá se...

Tribal communities and social change

Podrobná bibliografie
Hlavní autor: M Pariyaram Chacko
Jazyk:Undetermined
Vydáno: New Delhi 2005
Sage Publication
LEADER 00586nam a2200205Ia 4500
008 141122s9999 xx 000 0 und d
040 |c . 
041 |a English 
082 |a 307.772 
082 |b PAR/T 
100 |a M Pariyaram Chacko  
245 |a Tribal communities and social change 
245 |c M Pariyaram Chacko  
260 |b New Delhi 
260 |b Sage Publication 
260 |c 2005 
500 |a Reference 
942 |c LS 
999 |c 8206  |d 8206 
952 |0 0  |1 0  |4 0  |6 307_772000000000000_PART  |7 0  |9 8164  |a COVAS  |b COVAS  |d 0000-00-00  |o 307.772 PAR/T  |p LS343   |r 2014-11-26  |w 2014-11-26  |y LS